Saberes de pupuña (Registro nro. 20657)

Detalles MARC
000 -CABECERA
Campo de control 00665nam a22001937a 4500
005 - FECHA Y HORA DE LA ULTIMA TRANSACCION
Campo de control 20200104041807.0
008 - ELEMENTOS DE LONGITUD FIJA—INFORMACION GENERAL
Campo de control 191224b xxu||||| |||| 00| 0 spa d
040 ## - FUENTE DE CATALOGACIÓN
Agencia catalogadora original CO-BoIAVH
Agencia transcriptora CO-BoIAVH
041 ## - IDIOMA
Código de idioma para texto/pista de sonido o título separado Español
044 ## - PAÍS DE PUBLICACIÓN
País de publicación Colombia
110 ## - ASIENTO PRINCIPAL--NOMBRE CORPORATIVO
Nombre corporativo o de jurisdicción como elemento de entrada Universidad Nacional de Colombia
9 (RLIN) 65
245 ## - MENCION DE TITULO
Título Saberes de pupuña
Parte restante del título El chontaduro en la Amazonía
Mención de responsabilidad Universidad Nacional de Colombia
260 ## - PUBLICACION, DISTRIBUCION, ETC. (PIE DE IMPRENTA)
Lugar de publicación, distribución, etc. Bogotá:
Nombre del editor, distribuidor, etc. Carlos Rojas
Fecha de publicación, distribución, etc. s.f.
300 ## - DESCRIPCION FISICA
Extensión 1 Folleto plegable:
Otros detalles físicos Fotografías e ilustraciones
Dimensiones 33.6 x 16cm
650 #0 - ASIENTO SECUNDARIO DE MATERIA - TERMINO TEMATICO
9 (RLIN) 12541
Término temático o nombre geográfico como elemento de entrada Chontaduro
650 #0 - ASIENTO SECUNDARIO DE MATERIA - TERMINO TEMATICO
9 (RLIN) 4868
Término temático o nombre geográfico como elemento de entrada Saberes tradicionales
650 #0 - ASIENTO SECUNDARIO DE MATERIA - TERMINO TEMATICO
9 (RLIN) 319
Término temático o nombre geográfico como elemento de entrada Indígenas del Amazonas
Subdivisión general Ritos y ceremonias
942 ## - ELEMENTOS ADICIONALES (KOHA)
Sistema de clasificación Dewey Decimal Classification
Tipo de ítem Folleto
Existencias
Withdrawn status Lost status Sistema de Clasificación Damaged status No para préstamo Colección Ubicación Permanente Ubicación actual Fecha de adquisición Total Checkouts Número topográfico Inventario / Código de Barras Date last seen Ejemplar Price effective from Forma de adquisición Tipo de material
    Dewey Decimal Classification     Hemeroteca Bogotá Bogotá 24/12/2019   FG-0381 043910 24/12/2019 Ej.1 24/12/2019 Donación Folleto
    Dewey Decimal Classification     Hemeroteca Bogotá Bogotá 24/12/2019   FG-0381 043911 24/12/2019 Ej.2 24/12/2019 Donación Folleto